000 00623nam a22001937a 4500
005 20150629172959.0
010 _aENG-113071
020 _a9788193052754
_c695.00
035 _aEN-96603
037 _bDBAD/PUB
082 _a920
100 _aSunjoy K. Singh
245 _aSardar Hari Singh Nalwa /
_cby Sunjoy K. Singh
260 _aNew Delhi
_bLenin Media
_c2015
270 _a204-205, IInd Floor, Durga Complex Centre Shoping Complex Mayur Vihar, Phase-II
_bNew Delhi
_e110091
300 _a237p.
_c22cm(Hb)
500 _aIncludes bibliographical references and index
942 _2ddc
_cEN
_mHAR
_h920
999 _c93669
_d93669